000 00650nam a2200241Ia 4500
003 OSt
005 20220918205045.0
006 a|||||r|||| 00| 0
007 ta
008 220917b |||||||| |||| 00| 0 eng d
024 _a115,256
037 _cTextual
040 _aARTS
_cARTS
_beng
041 _2eng
_aeng
082 _aV58:19:N3, K7
100 _aThompson John M
_9114057
245 0 _aRussia, Bolshevism and the Versailles peace
260 _c1967
490 _aStudies of the Russian institute of Columbia Univ
650 _aHISTORY
942 _hV58:19:N3, K7
_cTEXL
_2CC
999 _c238586
_d238586